|
|
|
|
| LEADER |
00000nam0a2200000 4500 |
| 001 |
62001 |
| 005 |
20231031062930.0 |
| 035 |
|
|
|a (RuTPU)RU\TPU\book\65692
|
| 035 |
|
|
|a RU\TPU\order\6840
|
| 090 |
|
|
|a 62001
|
| 100 |
|
|
|a 20040330d2002 m y0rusy50 ca
|
| 101 |
0 |
|
|a rus
|
| 102 |
|
|
|a RU
|
| 105 |
|
|
|a y j 001zy
|
| 200 |
1 |
|
|a Стратегическое проектирование деятельности библиотеки
|e Конспект лекций для библиотечных специалистов
|f Г. Б. Паршукова
|g ГПНТБ СО РАН
|
| 210 |
|
|
|a Новосибирск
|c ГПНТБ СО РАН
|d 2002
|
| 215 |
|
|
|a 74 с.
|
| 320 |
|
|
|a Библиогр.: с. 66-69
|
| 330 |
|
|
|a Данное пособие предназначено для изучения методологических основ проектной деятельности. Понимание библиотеки как динамической системы требует технологичного подхода к проектированию ее деятельности. Развитие библиотечных систем, а тем более сетевых библиотечных корпораций невозможно без применения методов системного анализа, без понимания библиотеки как системы, а, следовательно, без применения в библиотековедении методов и принципов анализа и управления больших динамических систем, разработанных кибернетикой, а затем системотехникой и системологией. Пособие рассчитано на студентов вузов культуры и библиотечных специалистов.
|
| 610 |
1 |
|
|a библиотеки
|
| 610 |
1 |
|
|a библиотечное дело
|
| 610 |
1 |
|
|a организация труда
|
| 610 |
1 |
|
|a стратегическое управление
|
| 610 |
1 |
|
|a управление
|
| 610 |
1 |
|
|a методологические основы
|
| 610 |
1 |
|
|a проектная деятельность
|
| 610 |
1 |
|
|a библиотечные системы
|
| 610 |
1 |
|
|a корпорации
|
| 610 |
1 |
|
|a системный анализ
|
| 610 |
1 |
|
|a библиотековедение
|
| 610 |
1 |
|
|a учебные пособия
|
| 686 |
|
|
|a Ч737я73
|v LBC/SL-A
|2 rubbk
|
| 700 |
|
1 |
|a Паршукова
|b Г. Б.
|
| 712 |
0 |
2 |
|a Российская академия наук (РАН)
|b Сибирское отделение (СО)
|b Государственная публичная научно-техническая библиотека (ГПНТБ)
|c (Новосибирск)
|2 stltpush
|3 (RuTPU)RU\TPU\col\25
|
| 801 |
|
1 |
|a RU
|b 63413507
|c 20040323
|g PSBO
|
| 801 |
|
2 |
|a RU
|b 63413507
|c 20220714
|g PSBO
|
| 942 |
|
|
|c BK
|
| 959 |
|
|
|a 1/20040122
|d 1
|e 60
|f НФ:1
|